MARC details
| 000 -LEADER |
| fixed length control field |
03453nam a22006731u 4500 |
| 001 - CONTROL NUMBER |
| control field |
fwb000992 |
| 003 - CONTROL NUMBER IDENTIFIER |
| control field |
UtOrBLW |
| 005 - DATE AND TIME OF LATEST TRANSACTION |
| control field |
20260129152610.0 |
| 006 - FIXED-LENGTH DATA ELEMENTS--ADDITIONAL MATERIAL CHARACTERISTICS--GENERAL INFORMATION |
| fixed length control field |
m cq h |
| 007 - PHYSICAL DESCRIPTION FIXED FIELD--GENERAL INFORMATION |
| fixed length control field |
cs nzannnauuuu |
| 007 - PHYSICAL DESCRIPTION FIXED FIELD--GENERAL INFORMATION |
| fixed length control field |
sz zunznnnzned |
| 008 - FIXED-LENGTH DATA ELEMENTS--GENERAL INFORMATION |
| fixed length control field |
220829s2022 ohua b 000 eng d |
| 020 ## - INTERNATIONAL STANDARD BOOK NUMBER |
| International Standard Book Number |
9781669666189 |
| Qualifying information |
(Wonderbook) : |
| Terms of availability |
$54.99 |
| 020 ## - INTERNATIONAL STANDARD BOOK NUMBER |
| Cancelled/invalid ISBN |
9781419741869 |
| Qualifying information |
(print) |
| 020 ## - INTERNATIONAL STANDARD BOOK NUMBER |
| Cancelled/invalid ISBN |
1669666182 |
| 028 01 - PUBLISHER NUMBER |
| Publisher number |
WB000992 |
| Source |
Findaway World |
| 035 ## - SYSTEM CONTROL NUMBER |
| System control number |
(OCoLC)1345288928 |
| 040 ## - CATALOGING SOURCE |
| Original cataloging agency |
UtOrBLW |
| Language of cataloging |
eng |
| Description conventions |
rda |
| Transcribing agency |
UtOrBLW |
| 050 #4 - LIBRARY OF CONGRESS CALL NUMBER |
| Classification number |
PZ7.K6232 |
| Item number |
Dk 2022 |
| 082 00 - DEWEY DECIMAL CLASSIFICATION NUMBER |
| Classification number |
[Fic] |
| Edition number |
22 |
| 092 ## - LOCALLY ASSIGNED DEWEY CALL NUMBER (OCLC) |
| Classification number |
junior wonderbook |
| Item number |
Kinney, Jeff |
| 100 1# - MAIN ENTRY--PERSONAL NAME |
| Personal name |
Kinney, Jeff, |
| Relator term |
author, |
| -- |
illustrator. |
| 245 10 - TITLE STATEMENT |
| Title |
Diary of a wimpy kid : |
| Remainder of title |
Rodrick rules / |
| Statement of responsibility, etc |
Jeff Kinney. |
| 264 #1 - Production, Publication, Distribution, Manufacture, and Copyright Notice. |
| Place of production, publication, distribution, manufacture |
Solon, Ohio : |
| Name of producer, publisher, distributor, manufacturer |
Findaway World, LLC, |
| Date of production, publication, distribution, manufacture, or copyr |
[2022] |
| 300 ## - PHYSICAL DESCRIPTION |
| Extent |
1 Wonderbook : |
| Other physical details |
color illustrations ; |
| Dimensions |
cm. |
| 336 ## - Content Type |
| Content type term |
spoken word |
| 336 ## - Content Type |
| Content type term |
still image |
| 337 ## - Media type |
| Media type term |
audio |
| 337 ## - Media type |
| Media type term |
unmediated |
| 338 ## - Carrier type |
| Carrier type term |
other |
| 338 ## - Carrier type |
| Carrier type term |
volume |
| 490 1# - SERIES STATEMENT |
| Series statement |
Diary of a wimpy kid |
| 500 ## - GENERAL NOTE |
| General note |
Title supplied by publisher. |
| 500 ## - GENERAL NOTE |
| General note |
Release date supplied by publisher. |
| 500 ## - GENERAL NOTE |
| General note |
Issued as a Wonderbook, a pre-loaded audiobook player permanently attached to a hardcover book. |
| 500 ## - GENERAL NOTE |
| General note |
Powered by a rechargeable battery ; USB charger required for recharging. |
| 500 ## - GENERAL NOTE |
| General note |
Audiobook player has 2 modes. Read-Along mode narrates the story. Learning mode asks questions related to the story. |
| 500 ## - GENERAL NOTE |
| General note |
Print book published by Abrams Books. |
| 500 ## - GENERAL NOTE |
| General note |
Audiobook originally released by Recorded Books. |
| 511 0# - PARTICIPANT OR PERFORMER NOTE |
| Participant or performer note |
Narrated by Ramon De Ocampo. |
| 520 ## - SUMMARY, ETC. |
| Summary, etc |
"Greg Heffley tells about his summer vacation and his attempts to steer clear of trouble when he returns to middle school and tries to keep his older brother Rodrick from telling everyone about Greg's most humiliating experience of the summer. Whatever you do, don't ask Greg about his summer vacation. As he enters the new school year, he's eager to put the events of the past three months behind him ... and one event in particular. Greg knows that his survival in middle school depends on his ability to keep the details of that incident under wraps. Unfortunately for Greg, his older brother Rodrick knows about his secret, and would be happy to spill the beans should Greg step out of line. This book chronicles Greg's attempts to navigate the hazards of middle school, impress the girls, steer clear of the school talent show, and most important, to keep his secret safe. But secrets have a way of getting out, especially when a diary is involved." |
| 521 2# - TARGET AUDIENCE NOTE |
| Target audience note |
Grades 3 - 8. |
| 650 #0 - SUBJECT ADDED ENTRY--TOPICAL TERM |
| Topical term or geographic name as entry element |
Middle schools |
| Form subdivision |
Juvenile fiction. |
| 9 (RLIN) |
5675274 |
| 650 #0 - SUBJECT ADDED ENTRY--TOPICAL TERM |
| Topical term or geographic name as entry element |
Schools |
| Form subdivision |
Juvenile fiction. |
| 650 #0 - SUBJECT ADDED ENTRY--TOPICAL TERM |
| Topical term or geographic name as entry element |
Families |
| Form subdivision |
Juvenile fiction. |
| 9 (RLIN) |
5674031 |
| 650 #0 - SUBJECT ADDED ENTRY--TOPICAL TERM |
| Topical term or geographic name as entry element |
Diaries |
| Form subdivision |
Juvenile fiction. |
| 9 (RLIN) |
5675979 |
| 650 #0 - SUBJECT ADDED ENTRY--TOPICAL TERM |
| Topical term or geographic name as entry element |
Socialization. |
| 650 #0 - SUBJECT ADDED ENTRY--TOPICAL TERM |
| Topical term or geographic name as entry element |
Children. |
| 650 #1 - SUBJECT ADDED ENTRY--TOPICAL TERM |
| Topical term or geographic name as entry element |
Family life |
| Form subdivision |
Fiction. |
| 9 (RLIN) |
5674038 |
| 655 #7 - INDEX TERM--GENRE/FORM |
| Genre/form data or focus term |
Diary fiction. |
| Source of term |
lcgft |
| 655 #7 - INDEX TERM--GENRE/FORM |
| Genre/form data or focus term |
Novels. |
| Source of term |
lcgft |
| 655 #7 - INDEX TERM--GENRE/FORM |
| Genre/form data or focus term |
Humorous fiction. |
| Source of term |
lcgft |
| 655 #7 - INDEX TERM--GENRE/FORM |
| Genre/form data or focus term |
Children's audiobooks. |
| Source of term |
lcgft |
| 9 (RLIN) |
5675081 |
| 700 1# - ADDED ENTRY--PERSONAL NAME |
| Personal name |
Ocampo, Ramon de, |
| Relator term |
narrator. |
| 9 (RLIN) |
68678 |
| 710 2# - ADDED ENTRY--CORPORATE NAME |
| Corporate name or jurisdiction name as entry element |
Findaway World, LLC., |
| Relator term |
publisher. |
| 9 (RLIN) |
5674726 |
| 800 1# - SERIES ADDED ENTRY--PERSONAL NAME |
| Personal name |
Kinney, Jeff. |
| Title of a work |
Diary of a wimpy kid (Series) |
| 9 (RLIN) |
5812770 |
| 942 ## - ADDED ENTRY ELEMENTS (KOHA) |
| Source of classification or shelving scheme |
Dewey Decimal Classification |
| Koha item type |
Wonderbook |
| 945 ## - LOCAL PROCESSING INFORMATION (OCLC) |
| c |
(OCoLC)1345288928 |